000
00337nam a2200145Ia 4500
008
191201s2006 xx 000 0 und d
082
_a
658.8
_b
KUM
100
_a
KUMAR, Arun
245
0
_a
Marketing Management
250
_a
2nd
260
_a
N.Delhi
_b
Vikas Publication House
_c
2006
300
_a
864
650
_a
MBA
942
_2
ddc
_c
BK
999
_c
2882
_d
2882